MARC

Tag First Indicator Second Indicator Subfields
LEADER 00000cam a2200000Ma 4500
001 in00004634321
006 m o d
007 cr cn|||||||||
008 070502s2007 onca ob 001 0deng d
005 20230103223202.0
035 |a (OCoLC)ocn243571389 
040 |a SFB  |b eng  |e pn  |c SFB  |d LVB  |d OCLCQ  |d MT4IT  |d OCLCE  |d E7B  |d OCLCQ  |d CELBN  |d C7D  |d FVL  |d OCLCQ  |d P@U  |d OCLCO  |d COO  |d EBLCP  |d YDXCP  |d IDEBK  |d FTUBL  |d CN8ML  |d OCLCQ  |d JSTOR  |d OCLCQ  |d CAUOI  |d OCLCQ  |d VT2  |d OTZ  |d OCLCQ  |d MERUC  |d OCLCQ  |d IOG  |d JG0  |d OCLCQ  |d OCLCF  |d STF  |d CEF  |d EZ9  |d OCLCQ  |d ICN  |d LOA  |d YOU  |d CANPU  |d BRX  |d TXR  |d DKC  |d AU@  |d OCLCQ  |d CNTRU  |d OCL  |d OCLCQ  |d CNCEN  |d U3G  |d TEFOD  |d UKKNU  |d UWK  |d BRF  |d OCLCQ  |d OCLCO 
016 |z 20079020933 
016 |z 20079020933 (print) 
019 |a 498972793  |a 647518116  |a 647746813  |a 648386255  |a 696032607  |a 742332980  |a 957597818  |a 960146632  |a 988716167  |a 990323699  |a 994972579  |a 995229201  |a 1037914303  |a 1044366498  |a 1055770360  |a 1056429072  |a 1078128425  |a 1082163927  |a 1097311266  |a 1125672496  |a 1136381210  |a 1163831502  |a 1166183863  |a 1179564607  |a 1179897506  |a 1192340102  |a 1198653225  |a 1235831697 
020 |a 9780776616315  |q (electronic bk.) 
020 |a 0776616315  |q (electronic bk.) 
020 |a 9780776618067  |q (electronic bk.) 
020 |a 0776618067  |q (electronic bk.) 
020 |z 9780776606576 
020 |z 0776606573 
024 8 |a 10.26530/OAPEN_578782 
035 |a (OCoLC)243571389  |z (OCoLC)498972793  |z (OCoLC)647518116  |z (OCoLC)647746813  |z (OCoLC)648386255  |z (OCoLC)696032607  |z (OCoLC)742332980  |z (OCoLC)957597818  |z (OCoLC)960146632  |z (OCoLC)988716167  |z (OCoLC)990323699  |z (OCoLC)994972579  |z (OCoLC)995229201  |z (OCoLC)1037914303  |z (OCoLC)1044366498  |z (OCoLC)1055770360  |z (OCoLC)1056429072  |z (OCoLC)1078128425  |z (OCoLC)1082163927  |z (OCoLC)1097311266  |z (OCoLC)1125672496  |z (OCoLC)1136381210  |z (OCoLC)1163831502  |z (OCoLC)1166183863  |z (OCoLC)1179564607  |z (OCoLC)1179897506  |z (OCoLC)1192340102  |z (OCoLC)1198653225  |z (OCoLC)1235831697 
037 |a 22573/ctt1ckkn29  |b JSTOR 
037 |a E3A0620C-89D3-44C5-AC1F-051AB05C0E8A  |b OverDrive, Inc.  |n http://www.overdrive.com 
042 |a dlr 
050 4 |a P53.4  |b .L353 2007eb 
055 4 |a P53.4 
055 3 |a P53.4  |b L353 2007 
055 3 |a P53 .4  |b L355 2007 
072 7 |a EDU030000  |2 bisacsh 
072 7 |a LAN010000  |2 bisacsh 
082 0 4 |a 418.0076  |2 22 
049 |a TXAM 
245 0 0 |a Language testing reconsidered /  |c edited by Janna Fox [and others]. 
260 |a Ottawa, Ont. :  |b University of Ottawa Press,  |c ©2007. 
300 |a 1 online resource (x, 178 pages) :  |b illustrations. 
336 |a text  |b txt  |2 rdacontent 
337 |a computer  |b c  |2 rdamedia 
338 |a online resource  |b cr  |2 rdacarrier 
490 1 |a Actexpress. 
504 |a Includes bibliographical references (pages 157-174) and index. 
505 0 |a On second thoughts / Bernard Spolsky -- The challenge of (diagnostic) testing : do we know what we are measuring? / J. Charles Alderson -- What is the construct? : the dialectic of abilities and contexts in defining constructs in language assessment / Lyle F. Bachman -- Assessing academic English language proficiency : 40+ years of U.K. language tests / Alana Davies -- The coming of age for research on test-taking strategies / Andrew D. Cohen -- Qualitative research methods in language test development and validation / Anne Lazaraton and Lynda Taylor -- Language testing : a question of context / Tim McNamara -- Test as power tools : looking back, looking forward / Elana Shohamy. 
520 1 |a "Language testing reconsidered provides a critical update on major issues that have engaged the field of language testing since its inception. Anyone who is working in, studying or teaching language testing should have a copy of this book. The information, discussions, and reflections offered within the volume address major developments within the field over the past decades, enlivened by current "takes" on these issues. The real value of this collection, however, lies in its consideration of the past as a means of defining the future agenda of language testing. This collection of essays could not have been brought together earlier; the field was due for this."--Jacket. 
588 0 |a Print version record. 
538 |a Master and use copy. Digital master created according to Benchmark for Faithful Digital Reproductions of Monographs and Serials, Version 1. Digital Library Federation, December 2002.  |u http://purl.oclc.org/DLF/benchrepro0212  |5 MiAaHDL 
583 1 |a digitized  |c 2010  |h HathiTrust Digital Library  |l committed to preserve  |2 pda  |5 MiAaHDL 
546 |a English. 
650 0 |a Language and languages  |x Ability testing. 
650 0 |a Language and languages  |x Examinations. 
650 0 |a Language and languages  |x Examinations  |x Research. 
650 2 |a Language Tests 
650 6 |a Langage et langues  |x Tests d'aptitude. 
650 6 |a Langage et langues  |x Examens. 
650 6 |a Langage et langues  |x Examens  |x Recherche. 
650 7 |a Language.  |2 bicssc 
650 7 |a EDUCATION  |x Testing & Measurement.  |2 bisacsh 
650 7 |a Language and languages.  |2 fast  |0 (OCoLC)fst00992154 
650 7 |a Language and languages  |x Ability testing.  |2 fast  |0 (OCoLC)fst00992155 
650 7 |x Ability testing.  |2 language and languages 
653 |a language testing 
655 7 |a Electronic books.  |2 local 
655 7 |a Examinations.  |2 fast  |0 (OCoLC)fst01423780 
700 1 |a Fox, Janna D.,  |d 1946- 
710 2 |a JSTOR (Organization) 
758 |i Is found in:  |a University of Ottawa Press  |1 https://openresearchlibrary.org/module/993004f3-18cc-494e-acee-60f17c4172c5 
776 0 8 |i Print version:  |t Language testing reconsidered.  |d Ottawa, Ont. : University of Ottawa Press, ©2007  |w (OCoLC)126084201 
830 0 |a Actexpress. 
856 4 0 |u https://www.jstor.org/stable/10.2307/j.ctt1ckpccf  |z Connect to the full text of this electronic book  |t 0 
955 |a JSTOR Open Access ebooks 
994 |a 92  |b TXA 
999 f f |s 573bbf3b-1961-4a14-95d7-26ec0c109322  |i ef9ba19f-5496-4617-90a7-101348023563  |t 0 
952 f f |a Texas A&M University  |b College Station  |c Electronic Resources  |d Available Online  |t 0  |e P53.4 .L353 2007eb  |h Library of Congress classification 
998 f f |a P53.4 .L353 2007eb  |t 0  |l Available Online